Statistics for Countries that start with 'C' by picture

Click here to take the quiz!

General Stats

  • This quiz has been taken 34 times
  • The average score is 11 of 16

Answer Stats

Answer% Correct
Canada
96%
Czechia
86%
Croatia
82%
Chad
79%
Chile
79%
Colombia
79%
Cuba
79%
Cambodia
71%
Cameroon
71%
China
68%
Cape Verde
61%
Comoros
61%
Cyprus
61%
Costa Rica
57%
D.R. Congo
46%
Republic of the Congo
46%

Score Distribution

Percentile by Number Answered

Percent of People with Each Score

Your Score History

You have not taken this quiz